00811naa#a2200193#i#4500001001500000005001700015100004100032102000700073200011000080210013700190215001000327608003700337675014600374700002100520700001900541700001800560700002100578856001800599EN\\bibl\1932020260418164549.6##a20260417b2026####ek#y0engy0150####ca##aRU1#aTHE RELATIONSHIP BETWEEN PHYSICAL AND SPIRITUAL DEVELOPMENT OF THE PERSONALITYeConference article/thesis1#aVoronezhcFSBE Institution of Higher Education Voronezh State University of Forestry and Technologies named after G.F. Morozovd2026##a5 с.##aConference article/thesis2local##aФилософские и научно-теоретические основы физической культуры и спорта. 796.011#1aGrigorevagI. V.#1aVolkovagE. G.#1aValievgS. K.#1aKuznetsovgI. V.4#abibl.vgltu.ru